INSTRUMENTAL METHODS OF ANALYSIS (Record no. 26455)

MARC details
000 -LEADER
fixed length control field 00392nam a22001697a 4500
003 - CONTROL NUMBER IDENTIFIER
control field SGT
020 ## - INTERNATIONAL STANDARD BOOK NUMBER
International Standard Book Number 812390943
082 ## - DEWEY DECIMAL CLASSIFICATION NUMBER
Classification number 615.19
Item number I86W
100 ## - MAIN ENTRY--PERSONAL NAME
Personal name WILLARD, HOBART,H.
245 ## - TITLE STATEMENT
Title INSTRUMENTAL METHODS OF ANALYSIS
250 ## - EDITION STATEMENT
Edition statement 7TH
260 ## - PUBLICATION, DISTRIBUTION, ETC. (IMPRINT)
Place of publication, distribution, etc NEW DELHI
Name of publisher, distributor, etc CBS PUB.
Year of Publication 1986
300 ## - PAGE DESCRIPTION
No. of Pages 895
650 ## - SUBJECT ADDED ENTRY--TOPICAL TERM
Topical term or geographic name as entry element ANALYSIS
653 ## - KEYWORDS--INDEX TERM
Keyword term INSTRUMENTAL, METHODS, ANALYSIS
942 ## - ADDED ENTRY ELEMENTS (KOHA)
Source of classification or shelving scheme Dewey Decimal Classification
Koha item type Books
942 ## - ADDED ENTRY ELEMENTS (KOHA)
-- 1
Holdings
Withdrawn status Lost status Source of classification or shelving scheme Damaged status Not for loan Collection code Home library Current library Shelving location Date acquired Vendor Name Cost, normal purchase price SGTU Bill Number Total Checkouts Full call number Accession No. (Barcode) Date last seen Bill Date Koha item type Date last borrowed
    Dewey Decimal Classification     PHARMACY SGT FA-FP Library SGT FA-FP Library Text Book 30/05/2024 AHUJA PUBLICATION 795.00 SGTU 18906   615.19 I86W FP4841 30/05/2024 08/05/2024 Books  
    Dewey Decimal Classification     PHARMACY SGT FA-FP Library SGT FA-FP Library Text Book 30/05/2024 AHUJA PUBLICATION 795.00 SGTU 18906 1 615.19 I86W FP4842 11/09/2025 08/05/2024 Books 11/09/2025
    Dewey Decimal Classification     PHARMACY SGT FA-FP Library SGT FA-FP Library Text Book 30/05/2024 AHUJA PUBLICATION 795.00 SGTU 18906   615.19 I86W FP4843 30/05/2024 08/05/2024 Books  
    Dewey Decimal Classification     PHARMACY SGT FA-FP Library SGT FA-FP Library Text Book 30/05/2024 AHUJA PUBLICATION 795.00 SGTU 18906 1 615.19 I86W FP4844 11/09/2025 08/05/2024 Books 11/09/2025
    Dewey Decimal Classification     PHARMACY SGT FA-FP Library SGT FA-FP Library Text Book 30/05/2024 AHUJA PUBLICATION 795.00 SGTU 18906 1 615.19 I86W FP4845 11/09/2025 08/05/2024 Books 11/09/2025
    Dewey Decimal Classification     PHARMACY SGT FA-FP Library SGT FA-FP Library Text Book 30/05/2024 AHUJA PUBLICATION 795.00 SGTU 18906   615.19 I86W FP4846 30/05/2024 08/05/2024 Books  
    Dewey Decimal Classification     PHARMACY SGT FA-FP Library SGT FA-FP Library Text Book 30/05/2024 AHUJA PUBLICATION 795.00 SGTU 18906   615.19 I86W FP4847 30/05/2024 08/05/2024 Books  
    Dewey Decimal Classification     PHARMACY SGT FA-FP Library SGT FA-FP Library Text Book 30/05/2024 AHUJA PUBLICATION 795.00 SGTU 18906   615.19 I86W FP4848 30/05/2024 08/05/2024 Books  
    Dewey Decimal Classification     PHARMACY SGT FA-FP Library SGT FA-FP Library Text Book 30/05/2024 AHUJA PUBLICATION 795.00 SGTU 18906 1 615.19 I86W FP4849 12/09/2025 08/05/2024 Books 11/09/2025
    Dewey Decimal Classification     PHARMACY SGT FA-FP Library SGT FA-FP Library Text Book 30/05/2024 AHUJA PUBLICATION 795.00 SGTU 18906 1 615.19 I86W FP4850 07/01/2025 08/05/2024 Books 03/01/2025